Résultats des candidats à l’élection présidentielle 2007 - Statistiques

Statistiques générales
  • Ce quiz a été pris 66 fois
  • Le résultat moyen est 6 sur 12
Statistiques - réponses
Parti Score Candidat % Correct
UMP 1er tour : 31,18%2nd tour : 53,06% Nicolas Sarkozy
100%
Parti Socialiste 1er tour : 25,87%2nd tour : 46,94% Ségolène Royal
97%
Front National 10,44% Jean-Marie Le Pen
92%
UDF 18,57% François Bayrou
74%
Ligue CommunisteRévolutionnaire 4,08% Olivier Besancenot
62%
Lutte Ouvrière 1,33% Arlette Laguiller
56%
Mouvement Pour laFrance 2,23% Philippe de Villiers
44%
Les Verts 1,57% Dominique Voynet
30%
Parti CommunisteFrançais 1,93% Marie-George Buffet
26%
CPNT 1,15% Frédéric Nihous
15%
Divers Gauche 1,32% José Bové
13%
Parti des Travailleurs 0,34% Gérard Schivardi
11%
Aucun quiz correspondant
Distribution des résultats
% des personnes avec chaque résultat
Percentile par nombre de réponses
Votre historique - résultats
Vous n’avez pas pris ce quiz